000 00660nam a2200229Ia 4500
003 OSt
005 20220924115746.0
006 a|||||r|||| 00| 0
007 ta
008 220923b |||||||| |||| 00| 0 per d
024 _a252198
037 _cTextual
040 _aARTS
_cARTS
_bper
041 _2per
_aper
082 _aO164,1G07:g, 168P7
100 _aHusain Qazi Talammuz
_9179465
245 0 _aMoulana Jalaluddin Rumi
260 _aDelhi
_bEducational Publishing House India
_c2007
650 _aPERSIAN LITERATURE
_9309
942 _hO164,1G07:g, 168P7
_cTEXL
_2CC
999 _c399750
_d399750